| 000 | 01569nam0a2200361 4500 | ||
|---|---|---|---|
| 001 | RU\NLR\BIBL_A\010673080 | ||
| 005 | 20260405171522.0 | ||
| 010 | _a978-5-9710-1509-3 | ||
| 021 |
_aRU _b2014-95797 _95819 |
||
| 035 | _a(NILC)RuMoRGB-007840266 | ||
| 035 | _a(NLR Aleph) 010673080 | ||
| 090 |
_a9614780 _c9614780 |
||
| 100 | _a20150216d2015 |||y0rusy50 ca | ||
| 101 | 0 |
_arus _achi |
|
| 102 | _aRU | ||
| 105 | _ay|||z|||000yy | ||
| 200 | 1 |
_aМифические воззрения и мифы китайцев _eс таблицами китайских иероглифов _fС. М. Георгиевский |
|
| 205 | _aИзд. 2-е | ||
| 210 |
_aМосква _cURSS _cЛЕНАНД _d2015 _d[т. е. 2014] |
||
| 215 |
_aXII, 117, XV, [1] с. _d21 |
||
| 225 | 1 | _aАкадемия фундаментальных исследований: мифология, религия, атеизм | |
| 300 | _aКн. фактически изд. в 2014 г. | ||
| 606 | 1 |
_aМифология китайская _91338112 _3RU\NLR\AUTH\66557434 |
|
| 686 | 2 | _aЭ319.1(54Кит),181 | |
| 686 | 1 | _aШ3(54Кит)-60 | |
| 700 | 1 |
_8rus _7ca _aГеоргиевский _bС. М. _f1851-1893 _gСергей Михайлович _3RU\NLR\AUTH\7773165 _956093 |
|
| 801 | 0 |
_aRU _bРГБ _c20141217 _gRCR |
|
| 801 | 1 |
_aRU _bРГБ _c20141217 _2rusmarc |
|
| 942 | _cBOOK | ||
| 980 | _aNB | ||